PRINCIPLES OF VEGITABLE PRODUCTION (Record no. 5166)

MARC details
000 -LEADER
fixed length control field 00416nam a22001697a 4500
005 - DATE AND TIME OF LATEST TRANSACTION
control field 20160903124902.0
008 - FIXED-LENGTH DATA ELEMENTS--GENERAL INFORMATION
fixed length control field 160903b xxu||||| |||| 00| 0 eng d
020 ## - INTERNATIONAL STANDARD BOOK NUMBER
ISBN 978-81-8321-415-5
041 ## - LANGUAGE CODE
Language code of text/sound track or separate title eng
082 ## - DEWEY DECIMAL CLASSIFICATION NUMBER
Item number 20919
100 ## - MAIN ENTRY--AUTHOR NAME
Personal name SINGH S.P. AND OTHERS.
245 ## - TITLE STATEMENT
Title PRINCIPLES OF VEGITABLE PRODUCTION
250 ## - EDITION STATEMENT
Edition statement 4TH
260 ## - PUBLICATION, DISTRIBUTION, ETC. (IMPRINT)
Name of publisher AGROTECH PUBLISHING ACADEMY
Year of publication 2016
300 ## - PHYSICAL DESCRIPTION
Number of Pages 239
942 ## - ADDED ENTRY ELEMENTS (KOHA)
Koha item type Books
Holdings
Lost status Damaged status Collection code Home library Current library Shelving location Date acquired Source of acquisition Cost, normal purchase price Full call number Accession Number Koha item type
    Reference JRU Library JRU Library SHELF-2-A 03/09/2016 PURCHASE 1500.00 635.1 20919 Books